Design and landscape for people (Registro nro. 321382)

Detalles MARC
000 -ENCABEZADO
Número de control [NR] 00943nam a2200253 4500
005 - FECHA Y HORA DE LA ÚLTIMA TRANSACCIÓN
control field 20220624142813.0
008 - DE LONGITUD FIJA DE DATOS DE ELEMENTOS - INFORMACIÓN GENERAL
Elementos de longitud fija [NR] 220624s2007 enka|||gr|||| 00| 0 eng d
020 ## - NUMERO INTERNACIONAL NORMALIZADO PARA LIBROS [R]
Número Internacional Normalizado del libro [NR] 9780500342336
040 ## - FUENTE DE CATALOGACION [NR]
Agencia de catalogación original [NR] CO-BoUCM
Idioma de catalogación [NR] spa
Quien Cataloga Deissy Garcia
Quien Clasifica Deissy Garcia
041 0# - CODIGO DE IDIOMA [R]
Código de idioma para texto/pista de sonido o título separado [R] Inglés
100 1# - ASIENTO PRINCIPAL--NOMBRE PERSONAL [NR]
ID Autoridad 175106
Nombre personal [NR] Cumberlidge, Clare
245 10 - MENCION DE TITULO [NR]
Título [NR] Design and landscape for people
Parte restante del título [NR] new approaches to renewal
Mención de responsabilidad, etc. [NR] Clare Cumberlidge, Lucy Musgrave
260 ## - PUBLICACION, DISTRIBUCION, ETC. (PIE DE IMPRENTA) [R]
Lugar de publicación, distribución, etc. [R] Londres
Nombre del editor, distribuidor, etc. [R] Thames & Hudson
Fecha de publicación, distribución, etc. [R] 2007
300 ## - DESCRIPCION FISICA [R]
Extensión [R] 224 páginas
Otros detalles físicos [NR] ilustraciones
500 ## - NOTA GENERAL [R]
Nota general [NR] Bibliografía Básica - Facultad de Creación - Pregrado en Artes
504 ## - NOTA DE BIBLIOGRAFIA, ETC. [R]
Nota de bibliografía, etc. [NR] Incluye referencias bibliográficas e índices
650 #7 - ASIENTO SECUNDARIO DE MATERIA - TERMINO TEMATICO [R]
9 (RLIN) 25989
Término temático o nombre geográfico como elemento de entrada [NR] Urbanismo
650 #7 - ASIENTO SECUNDARIO DE MATERIA - TERMINO TEMATICO [R]
9 (RLIN) 23546
Término temático o nombre geográfico como elemento de entrada [NR] Renovación urbana
650 #0 - ASIENTO SECUNDARIO DE MATERIA - TERMINO TEMATICO [R]
9 (RLIN) 175107
Término temático o nombre geográfico como elemento de entrada [NR] Renovación rural
650 #0 - ASIENTO SECUNDARIO DE MATERIA - TERMINO TEMATICO [R]
9 (RLIN) 154243
Término temático o nombre geográfico como elemento de entrada [NR] Arquitectura sostenible
700 1# - ASIENTO SECUNDARIO - NOMBRE PERSONAL [R]
9 (RLIN) 175108
Nombre personal [NR] Musgrave, Lucy
942 ## - ELEMENTOS DE ENTRADA AGREGADOS (KOHA)
Sistema de clasificación DEWEY
Tipo de ítem principal el descrito en 300a Libro
Tema principal Arte
Edición 1
Clasificación 711.4
Parte restante de la signatura top. C969d
Título oculto en OPAC No
Existencias
Signatura topográfica Código de barras Última vez visto Ejemplar Costo de reposición Price effective from Tipo de ítem Perdido Sistema de clasificación Dañado No prestable Tipo de ítem específico Suprimido Ubicación habitual Ubicación actual Localización Fecha de creación Forma de adquisición Costo
711.4 C969 100170384 06/12/2025 Ej.1 40600.00 24/06/2022 Libro   DEWEY     Libro   Claustro Claustro 2do piso 24/06/2022 Compra 40600.00